<?xml version="1.0" encoding="UTF-8"?>
<collection xmlns="http://www.loc.gov/MARC21/slim">
    <record>
        <controlfield tag="001">63500</controlfield>
        <controlfield tag="005">20200910145137.0</controlfield>
        <datafield tag="024" ind1="7" ind2=" ">
            <subfield code="2">doi</subfield>
            <subfield code="a">10.18239/ocnos_2016.15.2.1125</subfield>
        </datafield>
        <datafield tag="024" ind1="8" ind2=" ">
            <subfield code="2">sideral</subfield>
            <subfield code="a">102776</subfield>
        </datafield>
        <datafield tag="037" ind1=" " ind2=" ">
            <subfield code="a">ART-2016-102776</subfield>
        </datafield>
        <datafield tag="041" ind1=" " ind2=" ">
            <subfield code="a">eng</subfield>
        </datafield>
        <datafield tag="100" ind1=" " ind2=" ">
            <subfield code="0">(orcid)0000-0002-2332-5807</subfield>
            <subfield code="a">Tabernero Sala, Rosa María</subfield>
            <subfield code="u">Universidad de Zaragoza</subfield>
        </datafield>
        <datafield tag="245" ind1=" " ind2=" ">
            <subfield code="a">Los epitextos virtuales en la difusión del libro infantil: Hacia una poética del book-trailer. Un modelo de análisis</subfield>
        </datafield>
        <datafield tag="260" ind1=" " ind2=" ">
            <subfield code="c">2016</subfield>
        </datafield>
        <datafield tag="506" ind1="0" ind2=" ">
            <subfield code="a">Access copy available to the general public</subfield>
            <subfield code="f">Unrestricted</subfield>
        </datafield>
        <datafield tag="520" ind1="3" ind2=" ">
            <subfield code="a">While defining book-trailer as virtual epitext in the incorporated paratext´s category (Gray, 2010) or increasing electronic literature (Unsworth, 2006), we present an analysis of the main book-trailer characteristics starting from a survey of 80 examples selected from the materials that appears on the web. From this analysis we will see some categories which will establish the references required for analyzing a book-trailer from quality parameters and multimodal literacy. We will exemplify the model with the object of noticing his paradigm too.   

En el marco de la definición del book-trailer como epitexto virtual en la categoría de paratexto incorporado (Gray, 2010) o de literatura digital en aumento (Unsworth, 2006), en este trabajo presentamos el análisis de las principales características del book-trailer partiendo del estudio de un corpus de 80 ejemplos seleccionados del material que aparece en la red. De este análisis se desprenderá una serie de categorías que constituirán las referencias necesarias para analizar un book-trailer desde los parámetros de calidad y de la alfabetización multimodal. Asimismo ejemplificamos el modelo de análisis con el objeto de constatar su paradigma.</subfield>
        </datafield>
        <datafield tag="540" ind1=" " ind2=" ">
            <subfield code="9">info:eu-repo/semantics/openAccess</subfield>
            <subfield code="a">by-nc-nd</subfield>
            <subfield code="u">http://creativecommons.org/licenses/by-nc-nd/3.0/es/</subfield>
        </datafield>
        <datafield tag="592" ind1=" " ind2=" ">
            <subfield code="a">0.199</subfield>
            <subfield code="b">2016</subfield>
        </datafield>
        <datafield tag="593" ind1=" " ind2=" ">
            <subfield code="a">Literature and Literary Theory</subfield>
            <subfield code="c">2016</subfield>
            <subfield code="d">Q1</subfield>
        </datafield>
        <datafield tag="593" ind1=" " ind2=" ">
            <subfield code="a">Education</subfield>
            <subfield code="c">2016</subfield>
            <subfield code="d">Q3</subfield>
        </datafield>
        <datafield tag="593" ind1=" " ind2=" ">
            <subfield code="a">Social Psychology</subfield>
            <subfield code="c">2016</subfield>
            <subfield code="d">Q4</subfield>
        </datafield>
        <datafield tag="655" ind1=" " ind2="4">
            <subfield code="a">info:eu-repo/semantics/article</subfield>
            <subfield code="v">info:eu-repo/semantics/publishedVersion</subfield>
        </datafield>
        <datafield tag="710" ind1="2" ind2=" ">
            <subfield code="1">4006</subfield>
            <subfield code="2">195</subfield>
            <subfield code="a">Universidad de Zaragoza</subfield>
            <subfield code="b">Dpto. Didác.Leng.y CC.HH.y SS.</subfield>
            <subfield code="c">Área Didáctica Lengua y Liter.</subfield>
        </datafield>
        <datafield tag="773" ind1=" " ind2=" ">
            <subfield code="g">15, 2 (2016), 21 - 36</subfield>
            <subfield code="p">Ocnos</subfield>
            <subfield code="t">Ocnos</subfield>
            <subfield code="x">1885-446X</subfield>
        </datafield>
        <datafield tag="856" ind1="4" ind2=" ">
            <subfield code="s">449819</subfield>
            <subfield code="u">http://zaguan.unizar.es/record/63500/files/texto_completo.pdf</subfield>
            <subfield code="y">Versión publicada</subfield>
        </datafield>
        <datafield tag="856" ind1="4" ind2=" ">
            <subfield code="s">71967</subfield>
            <subfield code="u">http://zaguan.unizar.es/record/63500/files/texto_completo.jpg?subformat=icon</subfield>
            <subfield code="x">icon</subfield>
            <subfield code="y">Versión publicada</subfield>
        </datafield>
        <datafield tag="909" ind1="C" ind2="O">
            <subfield code="o">oai:zaguan.unizar.es:63500</subfield>
            <subfield code="p">articulos</subfield>
            <subfield code="p">driver</subfield>
        </datafield>
        <datafield tag="951" ind1=" " ind2=" ">
            <subfield code="a">2020-09-10-14:38:40</subfield>
        </datafield>
        <datafield tag="980" ind1=" " ind2=" ">
            <subfield code="a">ARTICLE</subfield>
        </datafield>
    </record>

    
</collection>